Statystyki dla rzeczy szkolne - j. włoski

Kliknij tutaj aby rozwiązać quiz!

Ogólne statystyki

  • Ten quiz został rozwiązany 21 razy
  • Średni wynik to 12 z 35

Statystyki odpowiedzi

po polskupo włosku% Poprawnych
matematykamatematica
77%
muzykamusica
77%
biologiabiologia
69%
geografiageografia
69%
historiastoria
62%
fizykafisica
54%
czytanieleggere
54%
światłoluce
54%
pisaniescrivere
54%
tablicalavagna
46%
język obcylingua straniera
46%
sala lekcyjnaaula
38%
książkalibro
38%
uczeństudente
38%
plastykaarte
31%
klejcolla
31%
ołówekmatita
31%
flagabandiera
23%
papiercarta
23%
teczkacartella
23%
nożyczkiforbici
23%
notatnikquaderno
23%
przyrodascienza
23%
biurkoscrivania
23%
strugaczkatemperamatita
23%
pudełko na drugie śniadaniecestino del pranzo
15%
gumka do ścieraniagomma per cancellare
15%
poziom klasylivello di classe
15%
potrzebuję mapęmi serve una mappa
15%
potrzebuję długopisumi serve una penna
15%
karta ocenpagella
15%
pióropienna
15%
linijkarigello
15%
gdzie są nożyczki?dovo sono le forbici?
8%
czy to jego biurko?questa é la sua scrivania
8%

Rozkład punktacji

Percentyl według liczby udzielonych odpowiedzi

Procent ludzi z każdym wynikiem

Twoja historia wyników

Nie rozwiązałeś tego quizu